000 00309nam a22001337a 4500
008 180921b xxu||||| |||| 00| 0 eng d
020 _a0070542023
041 _aeng
080 _a004
100 _a28
101 _aSHKI
245 _aBasic Scientific Subrotines Vol. II
_cRyckdeschel, F.R
942 _2udc
_cBK
999 _c48192
_d48192